书目信息 |
| 题名: |
人口社会学
|
|
| 作者: | 佟新 著 | |
| 分册: | ||
| 出版信息: | 北京 北京大学出版社 2006 |
|
| 页数: | 428页 | |
| 开本: | 22cm | |
| 丛书名: | 21世纪社会学系列教材 | |
| 单 册: | ||
| 中图分类: | C92-05 | |
| 科图分类: | ||
| 主题词: | 人口社会学 | |
| 电子资源: | ||
| ISBN: | 7-301-04614-6 | |
| 000 | 00876nam 2200265 450 | |
| 001 | 192004003710 | |
| 005 | 20071010091729.29 | |
| 010 | @a7-301-04614-6@dCNY19.00 | |
| 100 | @a20070602d2006 ekmy0chiy0121 ea | |
| 101 | 0 | @achi |
| 102 | @aCN@b110000 | |
| 105 | @aak a 000yy | |
| 200 | 1 | @a人口社会学@Aren kou she hui xue@f佟新著 |
| 205 | @a第2版 | |
| 210 | @a北京@c北京大学出版社@d2006 | |
| 215 | @a428页@c图@d22cm | |
| 225 | 2 | @a21世纪社会学系列教材@A21 shi ji she hui xue xi lie jiao cai |
| 320 | @a有书目 (第423-427页) | |
| 330 | @a本书全面地介绍了人口社会学的基本概念和理论,力图用社会学的方法和理论分析相关的社会人口问题,展示这门学科在社会学与人口学研究的交接处所取得的丰富成果。 | |
| 410 | 0 | @12001 @a21世纪社会学系列教材 |
| 606 | 0 | @a人口社会学 |
| 690 | @aC92-05@v4 | |
| 701 | 0 | @a佟新@Atong xin@4著 |
| 801 | 0 | @aCN@c20071010 |
| 905 | @dC92-05@eT836=2 | |
| 人口社会学/佟新著.-第2版.-北京:北京大学出版社,2006 |
| 428页:图;22cm.-(21世纪社会学系列教材) |
| ISBN 7-301-04614-6:CNY19.00 |
| 本书全面地介绍了人口社会学的基本概念和理论,力图用社会学的方法和理论分析相关的社会人口问题,展示这门学科在社会学与人口学研究的交接处所取得的丰富成果。 |
| ● |
| 相关链接 |
|
|
|
正题名:人口社会学
索取号:C92-05/T836=2
 
预约/预借
| 序号 | 登录号 | 条形码 | 馆藏地/架位号 | 状态 | 备注 |
| 1 | 240627 | 202406271 | 社科库509/509社科库 62排9列2层/ [索取号:C92-05/T836=2] | 在馆 | |
| 2 | 240628 | 202406280 | 社科库509/509社科库 62排9列2层/ [索取号:C92-05/T836=2] | 在馆 | |
| 3 | 240629 | 202406299 | 社科库509/509社科库 62排9列2层/ [索取号:C92-05/T836=2] | 在馆 |